00277 2200133 4500001002100000005001500021035002000036245001000056100001400066260002200080082000800102084001400110990001900124INLIS00000000000119720260213110032 a0010-02260002871 aAkhir0 aHilmy Ari aTrenggalek,c2018 a813 a813 HIL a a800.2018.01106